000 01425cam a2200301 i 4500
001 120528
005 20230410132950.0
008 150814s2015 sp a 000 0 spa
041 0 _aspa
050 1 4 _aB 72
_bB582 2015
100 1 _aDal Maschio, E. A.
130 1 _aBiblioteca Descubrir la Fliosofía.
245 1 0 _aPlatón :
_bla verdad está en otra parte /
_cE. A. Dal Maschio.
260 _a[Barcelona] :
_bBatiscafo,
_c2015
300 _a140 p. :
_bill ;
_c23 cm.
440 0 _aBiblioteca descubrir la fliosofía ;
_vno.[1]
500 _aNúmeros de colección asignados según su aparición y de acuerdo al Brochure de la editorial.
520 _aLa Biblioteca Descubrir la Fliosofía, es un ambicioso proyecto editorial que nace con el propósito de acercar la reflexión de los grandes pensadores a todos los lectores, combinando el máximo rigor en la exposición con la amenidad y el espiritu divulgativo. Una oportunidad única de redescubrir y entender la obra de los grandes nombres de la filosofía.
600 0 4 _aPlaton
600 0 0 _aPlatón,
_d428-347 a. C.
650 0 _aPhilosophy, Ancient.
600 0 4 _aPlatón,
_d428-347 a. C.
_xCrítica e interpretación.
650 4 _aFilosofía antigua.
650 4 _aPensamiento filosófico.
650 4 _a20150800
730 1 _aBiblioteca Descubrir la Fliosofía: un fascinante rrecorrido por las ideas de los grandes pensadores.
942 _2lcc
_cbk
999 _c91037
_d91037